Regionálna diferenciácia Slovenska v podkladových štúdiách

Saved in:
Bibliographic Details
Main Author: Falťan, Ľubomír
Corporate Author: Slovenská akadémia vied. Sociologický ústav
Format: Book
Language:Slovak
Published: Bratislava Sociologický ústav SAV [2006]
Subjects:
Tags: Add Tag
No Tags, Be the first to tag this record!

MARC

LEADER 00000nlm$a2200000$$$4500
001 0051083
005 20240104134921.5
020 |a 80-85544-38-5 
041 0 |a slo 
044 |a SK 
245 1 0 |a Regionálna diferenciácia Slovenska v podkladových štúdiách  |c hlavný riešiteľ výskumnej úlohy: Ľubomír Falťan 
264 1 |a Bratislava  |b Sociologický ústav SAV  |c [2006] 
300 |a CD-ROM 
610 2 0 |a diferenciácia sociálna 
610 2 0 |a sociológia 
610 2 0 |a Slovensko 
610 2 0 |a regióny 
610 2 0 |a rozvoj regionálny 
100 1 |a Falťan, Ľubomír 
710 2 |a Slovenská akadémia vied. Sociologický ústav